000 00534nam a22001817a 4500
999 _c3736
_d3693
008 190802b ||||| |||| 00| m eng d
020 _a9786055936556
041 _atur
050 _aPL217
100 _91605
_aKolcu, Hasan
245 _aBir Tutkunun Elinde
_bTürk Edebiyatı Araştırmaları
250 _a1. Baskı
260 _aİzmit-Kocaeli:
_bUmuttepe Yayınları,
_cTemmuz 2011
300 _a455 Sayfa
500 _aUmuttepe Yayınları ; 54 Edebiyat Dizisi ; 7
650 0 _aAraştırma-İnceleme
_91687
942 _2lcc
_cBK